书目信息 |
| 题名: |
建设项目 (工程) 竣工档案编制技术标准
|
|
| 作者: | 戴明 起草 ;上海市城市建设档案馆 主编 | |
| 分册: | ||
| 出版信息: | 上海 同济大学出版社 2025.04 |
|
| 页数: | 81页 | |
| 开本: | 21cm | |
| 丛书名: | 上海市工程建设规范 | |
| 单 册: | ||
| 中图分类: | G275.3-65 | |
| 科图分类: | ||
| 主题词: | 建筑工程--jian zhu gong cheng--工程验收--技术档案--编制--技术标准--上海 | |
| 电子资源: | ||
| ISBN: | 978-7-5765-1563-3 | |
| 000 | 01570nam 2200313 450 | |
| 001 | 94027 | |
| 005 | 20250819195543.73 | |
| 010 | @a978-7-5765-1563-3@dCNY40.00 | |
| 094 | @aCN@bDG/TJ 08-2046-2024 J 11321-2025 | |
| 100 | @a20250515d2025 em y0chiy50 ea | |
| 101 | 0 | @achi@eeng |
| 102 | @aCN@b310000 | |
| 105 | @aak l 000yy | |
| 106 | @ar | |
| 200 | 1 | @a建设项目 (工程) 竣工档案编制技术标准@Ajian she xiang mu (gong cheng) jun gong dang an bian zhi ji shu biao zhun@d= Technical standard for construction project archive filing and arrangement@f主编单位上海市城市建设档案馆@zeng |
| 210 | @a上海@c同济大学出版社@d2025.04 | |
| 215 | @a81页@c图@d21cm | |
| 225 | 2 | @a上海市工程建设规范@Ashang hai shi gong cheng jian she gui fan |
| 300 | @a上海市住房和城乡建设管理委员会发布 2024-11-05发布 2025-06-01实施 | |
| 314 | @a起草人: 戴明 ... [等] | |
| 330 | @a为统一建设项目 (工程) 文件 (以下简称工程文件) 的收集、整理、归档以及建设项目 (工程) 竣工档案 (以下简称竣工档案) 验收、移交的标准, 建立有效、完整、系统的竣工档案, 特制定本标准。本标准适用于本市行政区域内建设项目 (工程) (涉密工程除外) 竣工档案的编制。 | |
| 410 | 0 | @12001 @a上海市工程建设规范 |
| 510 | 1 | @aTechnical standard for construction project archive filing and arrangement@zeng |
| 606 | 0 | @a建筑工程@Ajian zhu gong cheng@x工程验收@x技术档案@x编制@x技术标准@y上海 |
| 690 | @aG275.3-65@v5 | |
| 701 | 0 | @a戴明@Adai ming@4起草 |
| 712 | 02 | @a上海市城市建设档案馆@Ashang hai shi cheng shi jian she dang an guan@4主编 |
| 801 | 0 | @aCN@c20250909 |
| 905 | @a河南城建学院图书馆@dG275.3-65@eD122@f1 | |
| 建设项目 (工程) 竣工档案编制技术标准= Technical standard for construction project archive filing and arrangement/主编单位上海市城市建设档案馆.-上海:同济大学出版社,2025.04 |
| 81页:图;21cm.-(上海市工程建设规范) |
| 上海市住房和城乡建设管理委员会发布 2024-11-05发布 2025-06-01实施 |
| ISBN 978-7-5765-1563-3:CNY40.00 |
| 为统一建设项目 (工程) 文件 (以下简称工程文件) 的收集、整理、归档以及建设项目 (工程) 竣工档案 (以下简称竣工档案) 验收、移交的标准, 建立有效、完整、系统的竣工档案, 特制定本标准。本标准适用于本市行政区域内建设项目 (工程) (涉密工程除外) 竣工档案的编制。 |
| ● |
| 相关链接 |
|
|
|
正题名:建设项目 (工程) 竣工档案编制技术标准
索取号:G275.3-65/D122
 
预约/预借
| 序号 | 登录号 | 条形码 | 馆藏地/架位号 | 状态 | 备注 |
| 1 | 1627955 | 216279550 | 社科库409/409社科库 60排4列4层/ [索取号:G275.3-65/D122] | 在馆 |